Militares y democracia en el siglo nuevo. Cuatro desubirmientos inesperados y una conclusión sorprendente /

Gespeichert in:
Bibliographische Detailangaben
1. Verfasser: Pion-Berlin, David
Format: Text
Schlagworte:
Tags: Tag hinzufügen
Keine Tags, Fügen Sie den ersten Tag hinzu!

MARC

LEADER 00000 a a2200000 04500
001 10897
003
040
100 |a Pion-Berlin, David  
245 |a Militares y democracia en el siglo nuevo. Cuatro desubirmientos inesperados y una conclusión sorprendente /  |c David Pion-Berlin  
650 |a DEMOCRACIA  
650 |a MILITARISMO  
650 |a PROBLEMAS SOCIALES  
650 |a AMERICA LATINA  
773 |g número 213; páginas 50-63  
999 |c 21488  |d 21488